| 000 | 00479 a2200169 4500 | ||
|---|---|---|---|
| 020 | _a8178081334 | ||
| 040 |
_aDLC _bDLC |
||
| 082 | _a005.133 | ||
| 100 | _a Kelley, Al | ||
| 245 |
_aA book on C : programming in C _hAl, Kelley. |
||
| 250 | _a4th ed. | ||
| 260 |
_aRedwood City, Calif. : _bBenjamin Cummings Pub. Co., _cc1995. |
||
| 300 |
_axix, 636 p. : _b ill. ; _c24 cm. |
||
| 500 | _aIncludes Index | ||
| 650 | _aC (Computer program language) | ||
| 942 |
_cBK _k005.133 KEL _2ddc |
||
| 999 |
_c5987 _d5987 |
||